000 00625nam a2200205 a 4500
001 000025940
005 20260305073955.0
008 110217s1969 mx a r 000 | spa d
040 _aDO-SdBNP
_bspa
_cBNPHU
082 _a923.187
_bB689V, 1969
100 1 _aVon Hagen, Victor W. ,
_948475
245 1 3 _aLa amante inmortal /
_cVictor W. Von Hagen.
250 _a3a ed.
260 _aMéxico, D. F. :
_bEditorial Diana,
_c1969.
300 _a347 p. ; :
_bil. ;
_c20 cm.
504 _aBibliografía : p. 315-336
600 1 0 _aBolívar, Simón,
_d1783-1830
_9253
600 1 2 _aSAENZ, MANUELA,
_d1797-1856
_952803
049 _aBNGR
999 _c25432
_d25432